Science Quiz

Random Science or Biology Quiz

Organ Words Quiz Stats

 Plays Quiz Updated Jul 7, 2016

Score 0/24 Timer 07:00
2 Plays Today
% Correct
Cardio
89.1%
Dermo
89%
Dento
87.1%
Mammo
86.3%
Osteo
85.4%
Hemo
77.5%
Gingivo
75.8%
Rhino
74.9%
Pulmo
72.8%
Gastro
70.8%
Linguo
68.7%
Encephalo
64.8%
% Correct
Hepato
61.6%
Nephro
60.8%
Hystero
60.7%
Procto
58.4%
Colo
53.4%
Oophoro
48.3%
Phlebo
45.2%
Entero
37.7%
Cysto
34.5%
Orchido
32.1%
Salpingo
23.1%
Stomato
20.7%

You're not logged in!

Compare scores with friends on all Sporcle quizzes.
OR
Log In

Show Comments

Extras

Top Quizzes Today


Score Distribution

Your Account Isn't Verified!

In order to create a playlist on Sporcle, you need to verify the email address you used during registration. Go to your Sporcle Settings to finish the process.

Report this User

Report this user for behavior that violates our Community Guidelines.

Details: